| 000 | 00535nam a2200157Ia 4500 | ||
|---|---|---|---|
| 008 | 170221s9999 xx 000 0 und d | ||
| 100 | _aTsfira Grebelsky-Lichtman. | ||
| 245 | 3 | _aAn Advanced Framework for Verbal Communication and Nonverbal Gestures in Parent–child Interactions | |
| 245 | _cTsfira Grebelsky-Lichtman. | ||
| 260 | _bStudies in Media and Communication | ||
| 260 | _c2015 | ||
| 300 | _a8 : 2 | ||
| 650 | _xCommunication | ||
| 650 | _xMedia Arts | ||
| 856 | _uhttp://redfame.com/journal/index.php/smc/issue/view/59 | ||
| 999 |
_c308656 _d308656 |
||